| 000 | 00491nam a2200157Ia 4500 | ||
|---|---|---|---|
| 005 | 20260121165310.0 | ||
| 008 | 260121s9999 xx 000 0 und d | ||
| 041 | _amar | ||
| 082 | _a363.7 | ||
| 100 | _aमांडके, शशिकांत | ||
| 245 | _aपायावर धोंडा : पर्यावरणावरील संकट | ||
| 250 | _a1 | ||
| 260 |
_bभारतीय विचार साधना पुणे _c2018 |
||
| 300 | _a40 | ||
| 650 | _aGenral | ||
| 999 |
_c369972 _d369972 |
||